The Future of God: (Record no. 4372)
[ view plain ]
| 000 -LEADER | |
|---|---|
| fixed length control field | 00761nam a22002177a 4500 |
| 003 - CONTROL NUMBER IDENTIFIER | |
| control field | GBCCL |
| 005 - DATE AND TIME OF LATEST TRANSACTION | |
| control field | 20241126110517.0 |
| 008 - FIXED-LENGTH DATA ELEMENTS--GENERAL INFORMATION | |
| fixed length control field | 180119b xxu||||| |||| 00| 0 eng d |
| 040 ## - CATALOGING SOURCE | |
| Transcribing agency | gbc |
| 082 ## - DEWEY DECIMAL CLASSIFICATION NUMBER | |
| Classification number | 230.0411 |
| Item number | BRY |
| 100 ## - MAIN ENTRY--PERSONAL NAME | |
| Personal name | Bryant, James W. |
| 9 (RLIN) | 8214 |
| 245 ## - TITLE STATEMENT | |
| Title | The Future of God: |
| Remainder of title | A Theology of the Older Testament for the Younger Generation / |
| Statement of responsibility, etc. | James W. Bryant |
| 260 ## - PUBLICATION, DISTRIBUTION, ETC. | |
| Place of publication, distribution, etc. | Texas: |
| Name of publisher, distributor, etc. | Crescendo Book Publications, |
| Date of publication, distribution, etc. | 1972 |
| 300 ## - PHYSICAL DESCRIPTION | |
| Extent | 98 p.; |
| Dimensions | 22 cm. |
| 440 ## - SERIES STATEMENT/ADDED ENTRY--TITLE | |
| Title | College Bible Series |
| Number of part/section of a work | 4 |
| Volume/sequential designation | 1 |
| 9 (RLIN) | 8215 |
| 505 ## - FORMATTED CONTENTS NOTE | |
| Formatted contents note | "A Bible-centered Sunday school curriculum for high school through adults"--Cover. |
| 650 ## - SUBJECT ADDED ENTRY--TOPICAL TERM | |
| Topical term or geographic name entry element | Bible. -- Old Testament. |
| 9 (RLIN) | 10118 |
| 650 ## - SUBJECT ADDED ENTRY--TOPICAL TERM | |
| Topical term or geographic name entry element | God -- Biblical teaching. |
| 9 (RLIN) | 10119 |
| 650 ## - SUBJECT ADDED ENTRY--TOPICAL TERM | |
| Topical term or geographic name entry element | Theology, Doctrinal. |
| 9 (RLIN) | 14 |
| 942 ## - ADDED ENTRY ELEMENTS (KOHA) | |
| Source of classification or shelving scheme | Dewey Decimal Classification |
| Koha item type | Books |
| Withdrawn status | Lost status | Source of classification or shelving scheme | Damaged status | Not for loan | Home library | Current Library | Shelving location | Date acquired | Total checkouts | Full call number | Barcode | Date last seen | Copy number | Price effective from | Koha item type |
|---|---|---|---|---|---|---|---|---|---|---|---|---|---|---|---|
| Dewey Decimal Classification | GRACE BIBLE COLLEGE | GRACE BIBLE COLLEGE | Theology | 2018-01-19 | 230.0411 BRY | 008314 | 2025-05-01 | c.1 | 2018-01-19 | Books |